Nimeä sopivan pituinen kunnan nimi - Statistics

Yleistilastot
  • Tätä visaa on pelattu 1 175 kertaa
  • Keskiarvotulos 10 / 14
Vastaustilastot
Pituus Vastaus Kuntien lukumäärä % Oikein
4 Akaa, Aura, Eura, Geta, Juva ... 12
97%
5 Espoo, Föglö, Hanko, Iitti, Inari ... 44
97%
2 Ii 1
96%
6 Alavus, Askola, Brändö, Eckerö, Forssa ... 43
94%
7 Hartola, Hattula, Heinola, Hollola, Iisalmi ... 53
94%
9 Alavieska, Enonkoski, Enontekiö, Haapavesi ... 51
91%
8 Alajärvi, Asikkala, Eurajoki, Evijärvi, Finström ... 42
90%
10 Haapajärvi, Hammarland, Hankasalmi, Harjavalta ... 39
82%
11 Hirvensalmi, Hämeenlinna, Kangasniemi, Kannonkoski ... 15
73%
12 Lappeenranta, Uusikaupunki 2
66%
13 Maarianhamina, Pelkosenniemi, Uusikaarlepyy 3
66%
18 Kristiinankaupunki 1
45%
14 Mänttä-Vilppula 1
21%
15 Pedersören kunta 1
8%
Ehtoja vastaavia visoja ei löytynyt
Tulosjakauma
Jokaisen tuloksen saaneiden osuus
Persentiili vastausten määrän mukaan
Tuloshistoriasi
Et ole pelannut tätä visaa